Cristianos y musulmanes en la España medieval (Record no. 10660)

MARC details
000 -LEADER
campo de control de longitud fija 01104nam a2200301 i 4500
001 - NÚMERO DE CONTROL
campo de control 10660
003 - IDENTIFICADOR DE NÚMERO DE CONTROL
campo de control ES-MaACL
005 - FECHA Y HORA DE LA ÚLTIMA TRANSACCIÓN
campo de control 20240228154518.0
007 - CAMPO FIJO DE DESCRIPCIÓN FÍSICA--INFORMACIÓN GENERAL
campo de control de longitud fija t|
008 - DATOS DE LONGITUD FIJA--INFORMACIÓN GENERAL
campo de control de longitud fija 950929s1993 sp |||| | spa d
020 ## - NÚMERO INTERNACIONAL ESTÁNDAR DEL LIBRO
Número Internacional Estándar del Libro 84-206-2679-1
080 ## - NÚMERO DE LA CLASIFICACIÓN DECIMAL UNIVERSAL
Número de la Clasificación Decimal Universal 946.0"711/1250"
100 1# - ENTRADA PRINCIPAL--NOMBRE DE PERSONA
Nombre de persona Glick, Thomas F.
9 (RLIN) 57440
245 10 - MENCIÓN DEL TÍTULO
Título Cristianos y musulmanes en la España medieval
Resto del título : (711-1250) /
Mención de responsabilidad, etc. Thomas F. Glick ; versión española de Pilar Aguirre Marco, María Luz López Terrada y Victor Navarro Brotóns ; revisión: Víctor Navarro Brotóns.
250 ## - MENCION DE EDICION
Mención de edición 1ª ed., 1ª reimp.
260 ## - PUBLICACIÓN, DISTRIBUCIÓN, ETC.
Lugar de publicación, distribución, etc. Madrid :
Nombre del editor, distribuidor, etc. Alianza Editorial,
Fecha de publicación, distribución, etc. 1993.
300 ## - DESCRIPCIÓN FÍSICA
Extensión 295 p. ;
Dimensiones 20 cm.
490 1# - MENCIÓN DE SERIE
Mención de serie Alianza universidad ;
Designación de volumen o secuencia 679
504 ## - NOTA DE BIBLIOGRAFÍA, ETC.
Nota de bibliografía, etc. Bibliografía: p. 283-294.
651 #7 - PUNTO DE ACCESO ADICIONAL DE MATERIA--NOMBRE GEOGRÁFICO
Nombre geográfico España-
Subdivisión general Civilización-
Subdivisión cronológica 0414-1474
Fuente del encabezamiento o término
9 (RLIN) 161502
651 #4 - PUNTO DE ACCESO ADICIONAL DE MATERIA--NOMBRE GEOGRÁFICO
Nombre geográfico Al-Andalus-
Subdivisión general Civilización.
9 (RLIN) 7608
700 1# - ENTRADA AGREGADA--NOMBRE PERSONAL
Nombre de persona Aguirre Marco, Pilar.
9 (RLIN) 18884
700 1# - ENTRADA AGREGADA--NOMBRE PERSONAL
Nombre de persona López Terrada, María Luz.
9 (RLIN) 73997
700 1# - ENTRADA AGREGADA--NOMBRE PERSONAL
Nombre de persona Navarro, Víctor.
9 (RLIN) 85088
830 0# - PUNTO DE ACCESO ADICIONAL DE SERIE-TÍTULO UNIFORME
Título uniforme Alianza universidad ;
Designación de volumen o secuencia 679
9 (RLIN) 177276
852 ## - LOCALIZACIÓN
Ubicación ES-MaACL
Número de control de estantería L-17978
Holdings
Estatus retirado Estado de pérdida Estado de daño No para préstamo Biblioteca de origen Biblioteca actual Ubicación en estantería Fecha de adquisición Fuente de adquisición Total de préstamos Signatura topográfica completa Código de barras Visto por última vez Precio de reemplazo Tipo de ítem Koha
        Biblioteca del Ateneo de Madrid Biblioteca del Ateneo de Madrid Depósito 2 17/01/2008     L-17978 1010873 23/02/2023 23/02/2023 Libro impreso